[Event "Women's Speed Chess GP1"]
[Site "chess.com INT"]
[Date "2020.06.24"]
[Round "1.1"]
[White "Abdumalik, Zhansaya"]
[Black "Ushenina, Anna"]
[Result "1/2-1/2"]
[WhiteTitle "IM"]
[BlackTitle "GM"]
[WhiteElo "2478"]
[BlackElo "2416"]
[WhiteFideId "13703544"]
[BlackFideId "14110911"]
[EventDate "2020.06.24"]
[EventType "k.o. blitz"]

1. e4 c6 2. d4 d5 3. Nd2 dxe4 4. Nxe4 Bf5 5. Ng3 Bg6 6. h4 h6 7. Nf3 e6 8. Ne5
Bh7 9. Bd3 Bxd3 10. Qxd3 Nd7 11. f4 Be7 12. Bd2 Nxe5 13. fxe5 Bxh4 14. O-O-O
Bxg3 15. Qxg3 Ne7 16. Qxg7 Rg8 17. Qxh6 Qd5 18. Kb1 O-O-O 19. Qf6 Nf5 20. Rh7
Rxg2 21. Bc1 Rd7 22. Rxf7 Rxf7 23. Qxf7 Qd7 24. Qf8+ Kc7 25. Qa3 Kb8 26. Qf8+
Kc7 27. Qc5 b6 28. Qc3 Kb7 29. a4 Qd5 30. Qd3 Rg3 31. Qd2 Rg4 32. c3 Rg2 33. Qd3
Rg3 34. Qc2 Rg2 35. Rd2 Rg1 36. Rh2 a5 37. Rh7+ Ka6 38. Qd3+ b5 39. axb5+ cxb5
40. Rh2 a4 41. Rc2 Kb7 42. c4 Qxd4 43. Qf3+ Kb6 44. cxb5 Qd5 45. Qf2+ Qd4 46.
Qe2 Ng3 47. Rc6+ Kb7 48. Qc2 Qe4 49. Qxe4 Nxe4 50. Rxe6 Nc5 51. Rc6 Nb3 52. e6
Re1 53. e7 Rxe7 54. Bf4 Re1+ 55. Kc2 Nd4+ 56. Kd2 Rb1 57. Rc7+ Kb6 58. Kd3 Nxb5
59. Rc2 Rd1+ 60. Ke3 a3 61. bxa3 Nxa3 62. Rb2+ Nb5 63. Be5 Rd7 64. Bf4 Kc6 65.
Kf3 Kb6 66. Ke4 Kc6 67. Be3 Re7+ 68. Kf3 Rf7+ 69. Ke2 Re7 70. Rc2+ Kb7 71. Rc5
Nd4+ 72. Kd3 Nc6 73. Bf4 Rd7+ 74. Kc3 Rf7 75. Be3 Re7 1/2-1/2

[Event "Women's Speed Chess GP1"]
[Site "chess.com INT"]
[Date "2020.06.24"]
[Round "1.2"]
[White "Ushenina, Anna"]
[Black "Abdumalik, Zhansaya"]
[Result "1-0"]
[WhiteTitle "GM"]
[BlackTitle "IM"]
[WhiteElo "2416"]
[BlackElo "2478"]
[WhiteFideId "14110911"]
[BlackFideId "13703544"]
[EventDate "2020.06.24"]
[EventType "k.o. blitz"]

1. d4 Nf6 2. Nf3 g6 3. Nbd2 d5 4. b3 Bg7 5. Bb2 O-O 6. e3 c5 7. dxc5 Qa5 8. a3
Qxc5 9. c4 dxc4 10. Bxc4 b5 11. Be2 Bb7 12. O-O Nbd7 13. Rc1 Qb6 14. Bd4 Qa5 15.
a4 bxa4 16. bxa4 Rac8 17. Qb3 Bc6 18. Bb5 Bd5 19. Qa3 e6 20. Nc4 Qd8 21. Bxa7
Ne4 22. Bd4 Bxd4 23. exd4 Nb6 24. Ne3 Ba8 25. Rxc8 Qxc8 26. Rc1 Qd8 27. a5 Nd5
28. a6 Nf4 29. Bf1 Ng5 30. Nxg5 Qxg5 31. g3 Nd5 32. Qc5 h5 33. h4 Qf6 34. Nxd5
Bxd5 35. Bg2 Ra8 36. a7 Kg7 37. Bxd5 exd5 38. Ra1 Qe6 39. Qc7 Qe8 40. Qb7 Qd8
41. Ra6 Kg8 42. Rc6 Kg7 43. Rc7 Qe8 44. Re7 Qf8 45. Rxf7+ Qxf7 46. Qxa8 Qc7 47.
Qb8 Qc1+ 48. Kg2 Qc2 49. Qe5+ 1-0

[Event "Women's Speed Chess GP1"]
[Site "chess.com INT"]
[Date "2020.06.24"]
[Round "1.3"]
[White "Abdumalik, Zhansaya"]
[Black "Ushenina, Anna"]
[Result "0-1"]
[WhiteTitle "IM"]
[BlackTitle "GM"]
[WhiteElo "2478"]
[BlackElo "2416"]
[WhiteFideId "13703544"]
[BlackFideId "14110911"]
[EventDate "2020.06.24"]
[EventType "k.o. blitz"]

1. e4 c6 2. d4 d5 3. Nd2 dxe4 4. Nxe4 Bf5 5. Ng3 Bg6 6. h4 h6 7. Nh3 Nf6 8. Nf4
Bh7 9. Bd3 Bxd3 10. Qxd3 e6 11. Bd2 Nbd7 12. O-O-O Qc7 13. Kb1 O-O-O 14. Qe2 Bd6
15. Nd3 c5 16. dxc5 Nxc5 17. Be3 Kb8 18. Qf3 Bxg3 19. Nxc5 Bd6 20. Nb3 Nd5 21.
Bd4 f6 22. h5 Rhe8 23. Rhe1 Bf8 24. c3 Qf4 25. Qxf4+ Nxf4 26. g3 Nd5 27. f4 b6
28. Kc2 Bd6 29. Nd2 e5 30. fxe5 fxe5 31. Bg1 Nf6 32. Nc4 Bc7 33. Rxd8+ Rxd8 34.
Nxe5 Kb7 35. g4 Re8 0-1

[Event "Women's Speed Chess GP1"]
[Site "chess.com INT"]
[Date "2020.06.24"]
[Round "1.4"]
[White "Ushenina, Anna"]
[Black "Abdumalik, Zhansaya"]
[Result "1-0"]
[WhiteTitle "GM"]
[BlackTitle "IM"]
[WhiteElo "2416"]
[BlackElo "2478"]
[WhiteFideId "14110911"]
[BlackFideId "13703544"]
[EventDate "2020.06.24"]
[EventType "k.o. blitz"]

1. d4 Nf6 2. Nf3 g6 3. Nbd2 d5 4. b3 Bg7 5. Bb2 O-O 6. e3 b6 7. c4 dxc4 8. Bxc4
Bb7 9. O-O Nbd7 10. Qe2 h6 11. Rfd1 Ne4 12. Nxe4 Bxe4 13. Rac1 Nf6 14. Ne5 a5
15. d5 g5 16. f3 Bh7 17. Nc6 Qd7 18. e4 Nh5 19. Bxg7 Kxg7 20. Qb2+ Kg8 21. Ne5
Qd6 22. Bf1 f6 23. Ng4 Kg7 24. Rc6 Qd7 25. Rdc1 Bxe4 26. Rxc7 Qxd5 27. Rxe7+ Rf7
28. Rxe4 Nf4 29. Qd4 Qf5 30. Rc6 Raf8 31. Ne3 Qg6 32. g3 Nh5 33. Ree6 Kg8 34.
Bd3 Qg7 35. Nf5 Qh8 36. Ne7+ Kg7 37. Qe4 1-0

[Event "Women's Speed Chess GP1"]
[Site "chess.com INT"]
[Date "2020.06.24"]
[Round "1.5"]
[White "Abdumalik, Zhansaya"]
[Black "Ushenina, Anna"]
[Result "0-1"]
[WhiteTitle "IM"]
[BlackTitle "GM"]
[WhiteElo "2478"]
[BlackElo "2416"]
[WhiteFideId "13703544"]
[BlackFideId "14110911"]
[EventDate "2020.06.24"]
[EventType "k.o. blitz"]

1. e4 c6 2. d4 d5 3. Nd2 dxe4 4. Nxe4 Bf5 5. Ng3 Bg6 6. h4 h6 7. Nf3 e6 8. Ne5
Bh7 9. Qh5 Qc7 10. Bc4 Nf6 11. Qe2 Bd6 12. O-O O-O 13. f4 Nbd7 14. c3 c5 15. Be3
Nb6 16. Bb3 Nbd5 17. Bd2 cxd4 18. cxd4 Qb6 19. Bc3 Rac8 20. Rf3 Rc7 21. Nc4 Qa6
22. Re1 Bxf4 23. Ref1 Bxg3 24. Rxg3 Nxc3 25. bxc3 Ne4 26. Rg4 Rfc8 27. Qe3 h5
28. Rxe4 Bxe4 29. Qxe4 Rxc4 30. Bxc4 Rxc4 31. Qf3 Rc7 32. Qxh5 Qc4 33. Qg5 Qxc3
34. Qd8+ Kh7 35. h5 Qe3+ 36. Kh2 Qc3 37. Rf3 Rc8 38. Qg5 Qc7+ 39. Rg3 Rg8 40. h6
g6 41. Kh3 Qd7 42. Rg4 Qd8 43. Qf4 Qe7 44. Qe5 f6 45. Qe3 Rd8 46. Qg3 Qf7 47.
Qf3 f5 48. Rg3 Kxh6 49. Qf4+ Kg7 50. Kh2 Rh8+ 51. Kg1 Rd8 52. Qe5+ Qf6 53. Qc7+
Kg8 54. Rh3 Qxd4+ 55. Kh1 Qd1+ 56. Kh2 Qd6+ 57. Qxd6 Rxd6 58. Rc3 Rd7 59. Rc8+
Kf7 60. Kg3 Kf6 61. Kf3 g5 62. Rf8+ Ke5 63. Rg8 g4+ 64. Ke3 Rc7 65. Rd8 a5 66.
Kd3 b5 67. Ra8 a4 68. Rb8 Rc5 69. Rb6 Rd5+ 70. Ke2 f4 71. Rb8 Kf5 72. Rf8+ Ke4
73. Rg8 g3 74. Rf8 e5 75. Rb8 Rc5 76. Kd2 Kd4 77. Rd8+ Ke4 78. Re8 b4 79. Rb8
Rc4 80. Ra8 a3 81. Rb8 f3 82. gxf3+ Kxf3 83. Rf8+ Rf4 84. Rg8 g2 85. Ke1 Rg4 86.
Rxg4 Kxg4 87. Kf2 b3 0-1

[Event "Women's Speed Chess GP1"]
[Site "chess.com INT"]
[Date "2020.06.24"]
[Round "1.6"]
[White "Ushenina, Anna"]
[Black "Abdumalik, Zhansaya"]
[Result "1-0"]
[WhiteTitle "GM"]
[BlackTitle "IM"]
[WhiteElo "2416"]
[BlackElo "2478"]
[WhiteFideId "14110911"]
[BlackFideId "13703544"]
[EventDate "2020.06.24"]
[EventType "k.o. blitz"]

1. d4 Nf6 2. Nf3 g6 3. Nbd2 c5 4. dxc5 Na6 5. e4 Nxc5 6. e5 Nd5 7. Bc4 Nb6 8.
Be2 Bg7 9. O-O O-O 10. Re1 d6 11. Bf1 Bg4 12. exd6 Qxd6 13. h3 Bf5 14. Nh4 Be6
15. Nb3 Qxd1 16. Rxd1 Nca4 17. Nd4 Rfd8 18. Nhf3 Bd5 19. Be2 e5 20. Nb5 Rac8 21.
c3 a6 22. Na3 h6 23. Be3 e4 24. Nd2 Nd7 25. Ndc4 Nf6 26. Nb6 Nxb2 27. Nxc8 Nxd1
28. Ne7+ Kf8 29. Nxd5 Nxd5 30. Rxd1 Ke7 31. Bc5+ Ke6 32. c4 1-0

[Event "Women's Speed Chess GP1"]
[Site "chess.com INT"]
[Date "2020.06.24"]
[Round "1.7"]
[White "Abdumalik, Zhansaya"]
[Black "Ushenina, Anna"]
[Result "1/2-1/2"]
[WhiteTitle "IM"]
[BlackTitle "GM"]
[WhiteElo "2478"]
[BlackElo "2416"]
[WhiteFideId "13703544"]
[BlackFideId "14110911"]
[EventDate "2020.06.24"]
[EventType "k.o. blitz"]

1. e4 c6 2. d4 d5 3. Nd2 dxe4 4. Nxe4 Bf5 5. Ng3 Bg6 6. h4 h6 7. Nh3 Nf6 8. Nf4
Bh7 9. Be3 Qa5+ 10. c3 e6 11. Bd3 Bxd3 12. Qxd3 Qa6 13. b4 Qxd3 14. Nxd3 a5 15.
Nc5 axb4 16. cxb4 b6 17. Nd3 Nd5 18. Bd2 Ra4 19. a3 Be7 20. Ke2 O-O 21. Nb2 Ra7
22. Ne4 Rd8 23. g3 Nf6 24. Nc3 Nbd7 25. Rhc1 b5 26. a4 Bxb4 27. axb5 Rxa1 28.
Rxa1 Bxc3 29. Bxc3 cxb5 30. Ra5 Nd5 31. Bd2 Rb8 32. Kd3 b4 33. f4 Rd8 34. g4 Nb8
35. Rc5 Nd7 36. Rb5 N7f6 37. g5 hxg5 38. hxg5 Nh5 39. Ke4 g6 40. Nd3 Ng3+ 41.
Ke5 Nf5 42. Bxb4 Nxb4 43. Rxb4 Kg7 44. Ke4 Rc8 45. Nc5 Rd8 46. Ra4 Kg8 47. Nd3
Nd6+ 48. Kf3 Nf5 49. Ke4 Nd6+ 50. Ke3 Nf5+ 51. Ke4 1/2-1/2

[Event "Women's Speed Chess GP1"]
[Site "chess.com INT"]
[Date "2020.06.24"]
[Round "1.8"]
[White "Ushenina, Anna"]
[Black "Abdumalik, Zhansaya"]
[Result "1-0"]
[WhiteTitle "GM"]
[BlackTitle "IM"]
[WhiteElo "2416"]
[BlackElo "2478"]
[WhiteFideId "14110911"]
[BlackFideId "13703544"]
[EventDate "2020.06.24"]
[EventType "k.o. blitz"]

1. d4 Nf6 2. Nf3 c5 3. d5 d6 4. Nc3 g6 5. e4 Bg7 6. Be2 O-O 7. O-O e5 8. Nd2 h6
9. a4 Nh7 10. Nc4 Qe7 11. Kh1 f5 12. f4 Nd7 13. exf5 gxf5 14. fxe5 Nxe5 15. Nxe5
Bxe5 16. Bf4 Bg7 17. Bd3 a6 18. Qh5 Ng5 19. Rae1 Qf6 20. Bg3 Bd7 21. Ne4 Nxe4
22. Bxe4 Rae8 23. c3 Qg5 24. Bf3 f4 25. Bh4 Qxh5 26. Bxh5 Rxe1 27. Rxe1 Be5 28.
a5 Kg7 29. Bf2 Bf6 30. h3 Bf5 31. Bg4 Bxg4 32. hxg4 Kf7 33. Re6 Rd8 34. g3 fxg3
35. Bxg3 Rg8 36. Bxd6 Rxg4 37. Bxc5 Rg5 38. Rd6 Be5 39. Rd7+ Kg6 40. Rxb7 Bf4
41. c4 Re5 42. Re7 Rf5 43. Bd4 Kg5 44. Kg2 Kg4 45. Rg7+ Bg5 46. Be3 Re5 47. Bxg5
hxg5 48. d6 Re2+ 49. Kf1 Rxb2 50. c5 Kf3 51. Rf7+ Ke3 52. d7 Rd2 53. c6 g4 54.
c7 g3 55. d8=Q g2+ 56. Kg1 1-0

[Event "Women's Speed Chess GP1"]
[Site "chess.com INT"]
[Date "2020.06.24"]
[Round "1.9"]
[White "Abdumalik, Zhansaya"]
[Black "Ushenina, Anna"]
[Result "0-1"]
[WhiteTitle "IM"]
[BlackTitle "GM"]
[WhiteElo "2478"]
[BlackElo "2416"]
[WhiteFideId "13703544"]
[BlackFideId "14110911"]
[EventDate "2020.06.24"]
[EventType "k.o. blitz"]

1. e4 c6 2. Qe2 d5 3. d3 g6 4. Nf3 Bg7 5. e5 Nh6 6. Nc3 b5 7. a3 a5 8. h3 O-O 9.
g3 f6 10. Bg2 Nf7 11. d4 Ba6 12. Nd1 b4 13. Qe3 fxe5 14. dxe5 e6 15. axb4 axb4
16. Bd2 Qe7 17. Ra4 c5 18. c3 bxc3 19. bxc3 Bb7 20. Rxa8 Bxa8 21. O-O Nc6 22.
Nb2 Ncxe5 23. Nxe5 Nxe5 24. Re1 Re8 25. f4 Nf7 26. Kh2 d4 27. cxd4 cxd4 28. Qd3
Bxg2 29. Kxg2 Qb7+ 30. Kh2 Qxb2 31. Re2 Qb7 32. g4 Qd5 33. Be1 e5 34. Bg3 e4 35.
Qa6 d3 0-1

[Event "Women's Speed Chess GP1"]
[Site "chess.com INT"]
[Date "2020.06.24"]
[Round "1.10"]
[White "Ushenina, Anna"]
[Black "Abdumalik, Zhansaya"]
[Result "0-1"]
[WhiteTitle "GM"]
[BlackTitle "IM"]
[WhiteElo "2416"]
[BlackElo "2478"]
[WhiteFideId "14110911"]
[BlackFideId "13703544"]
[EventDate "2020.06.24"]
[EventType "k.o. blitz"]

1. d4 Nf6 2. Nf3 g6 3. Nbd2 d6 4. e4 Bg7 5. Bb5+ c6 6. Bd3 Nbd7 7. e5 Nd5 8.
exd6 exd6 9. O-O O-O 10. Re1 N7f6 11. c3 Nf4 12. Bf1 h5 13. Nc4 b5 14. Bxf4 bxc4
15. Bxc4 d5 16. Bd3 Bg4 17. h3 Bd7 18. Ne5 Be8 19. Re2 a5 20. Qd2 a4 21. Rae1 a3
22. b3 Ra7 23. b4 Kh7 24. Bg5 Qd6 25. Qf4 Ne4 26. Bxe4 dxe4 27. Qxe4 f6 28. Nc4
Qd5 29. Qxd5 cxd5 30. Rxe8 Rxe8 31. Rxe8 fxg5 32. Ne3 Rc7 33. Nxd5 Rd7 34. Nb6
Rc7 35. Re3 Rc6 36. Nd5 Rd6 37. Ne7 g4 38. hxg4 hxg4 39. b5 Rb6 40. c4 Bxd4 41.
Rxa3 Re6 42. Nd5 Re1+ 43. Kh2 Bxf2 44. g3 Re2 45. Nf4 Rc2 46. Ng2 Rxc4 47. Rb3
Bb6 48. a3 Rc2 49. Rb4 Ra2 50. a4 Kh6 51. Rxg4 Bc5 52. Rc4 Bf2 53. Kh3 Ra3 54.
Rg4 g5 55. Kh2 Kh5 56. Kh3 Rb3 57. a5 Rxb5 58. Re4 Rb3 59. Rg4 Ra3 60. Re4 Rxg3+
61. Kh2 Ra3 62. Re5 Bg3+ 63. Kg1 Bxe5 64. Ne1 Rxa5 65. Kf1 Bf4 66. Nd3 Ra1+ 67.
Ke2 Kg4 68. Nf2+ Kf5 69. Nd3 g4 70. Nf2 Ra2+ 71. Kf1 g3 72. Nh3 Kg4 73. Ng1 Be3
74. Ne2 Rxe2 75. Kxe2 Bc5 76. Kf1 Kf3 77. Ke1 g2 78. Kd2 g1=Q 79. Kd3 Qd4+ 80.
Kc2 Ke2 81. Kb3 Qb4+ 82. Kc2 Bd4 83. Kc1 Qb2# 0-1

[Event "Women's Speed Chess GP1"]
[Site "chess.com INT"]
[Date "2020.06.24"]
[Round "1.11"]
[White "Abdumalik, Zhansaya"]
[Black "Ushenina, Anna"]
[Result "0-1"]
[WhiteTitle "IM"]
[BlackTitle "GM"]
[WhiteElo "2478"]
[BlackElo "2416"]
[WhiteFideId "13703544"]
[BlackFideId "14110911"]
[EventDate "2020.06.24"]
[EventType "k.o. blitz"]

1. e4 c6 2. Qe2 d5 3. d3 g6 4. g3 Bg7 5. Bg2 e5 6. exd5 cxd5 7. Nc3 Ne7 8. Nf3
Nbc6 9. O-O O-O 10. h3 h6 11. Re1 Be6 12. a4 Qd7 13. Bd2 Bxh3 14. Bxh3 Qxh3 15.
Nb5 Qd7 16. d4 e4 17. Ne5 Nxe5 18. dxe5 Nc6 19. c4 Nxe5 20. Kg2 Nxc4 21. Bb4
Rfc8 22. Rad1 Qe6 23. b3 Nb2 24. Nd4 Bxd4 25. Rxd4 Nd3 26. Rh1 h5 27. Ba3 Qf5
28. Rf1 Re8 29. Bc1 Rac8 30. Be3 Rc6 31. b4 Rec8 32. Rd1 Rc2 33. Qf1 Qf3+ 34.
Kg1 h4 35. gxh4 Qg4+ 36. Kh2 Qxh4+ 37. Kg2 Qg4+ 38. Kh2 Kg7 0-1

[Event "Women's Speed Chess GP1"]
[Site "chess.com INT"]
[Date "2020.06.24"]
[Round "1.1"]
[White "Gunina, Valentina"]
[Black "Abrahamyan, Tatev"]
[Result "1-0"]
[WhiteTitle "GM"]
[BlackTitle "WGM"]
[WhiteElo "2431"]
[BlackElo "2358"]
[WhiteFideId "4167570"]
[BlackFideId "13301918"]
[EventDate "2020.06.24"]
[EventType "k.o. blitz"]

1. e4 e6 2. d4 d5 3. Nc3 Bb4 4. exd5 exd5 5. Qf3 Ne7 6. Bd3 c6 7. Ne2 O-O 8. O-O
Ng6 9. Qh5 Nd7 10. Bg5 Be7 11. Bxe7 Qxe7 12. Rae1 Nf6 13. Qg5 Qd6 14. h3 Bd7 15.
Bxg6 hxg6 16. a3 Bf5 17. Qd2 Rae8 18. Ng3 Bd7 19. Na4 b6 20. Nc3 Rxe1 21. Rxe1
Re8 22. Rxe8+ Nxe8 23. Qg5 Nf6 24. Qe3 Kf8 25. Nce2 Qe7 26. Qf4 Ne8 27. Qb8 Bf5
28. c3 Bd3 29. Nf4 Bc2 30. Nf1 g5 31. Nh5 Qe1 32. Ng3 Qe7 33. Ne3 Bd3 34. Ng4
Qc7 35. Qa8 f6 36. Ne3 Kf7 37. a4 Qd7 38. Qb8 Nd6 39. Qh8 1-0

[Event "Women's Speed Chess GP1"]
[Site "chess.com INT"]
[Date "2020.06.24"]
[Round "1.2"]
[White "Abrahamyan, Tatev"]
[Black "Gunina, Valentina"]
[Result "1/2-1/2"]
[WhiteTitle "WGM"]
[BlackTitle "GM"]
[WhiteElo "2358"]
[BlackElo "2431"]
[WhiteFideId "13301918"]
[BlackFideId "4167570"]
[EventDate "2020.06.24"]
[EventType "k.o. blitz"]

1. e4 c6 2. d4 d5 3. Nc3 dxe4 4. Nxe4 Nf6 5. Nxf6+ exf6 6. c3 Bd6 7. Bd3 O-O 8.
Qc2 Re8+ 9. Ne2 h5 10. Be3 Be6 11. c4 Nd7 12. O-O-O Rc8 13. Kb1 b5 14. c5 Bb8
15. Nf4 Bxf4 16. Bxf4 Nf8 17. Bd6 Bd5 18. f3 g6 19. Rhe1 f5 20. Qd2 Qh4 21. Be5
Nd7 22. Qf4 Qxf4 23. Bxf4 Kg7 24. Be5+ Nxe5 25. dxe5 a6 26. b3 Rc7 27. Kc2 Rce7
28. f4 Bxg2 29. Bxf5 Bf3 30. Rd3 Bd5 31. Be4 Bxe4 32. Rxe4 Re6 33. Rd6 g5 34.
Rxe6 Rxe6 35. f5 Re8 36. Kd3 g4 37. Ke3 Kh6 38. Kf4 Rd8 39. e6 f6 40. e7 Re8 41.
Re6 Kg7 42. Kg3 Kf7 43. Kh4 Rxe7 44. Rxe7+ Kxe7 45. Kxh5 Kf7 46. Kxg4 Kg7 47.
Kh5 Kh7 48. h3 Kg7 49. h4 Kh7 50. Kg4 Kg7 51. Kg3 Kh7 52. Kg4 1/2-1/2

[Event "Women's Speed Chess GP1"]
[Site "chess.com INT"]
[Date "2020.06.24"]
[Round "1.3"]
[White "Gunina, Valentina"]
[Black "Abrahamyan, Tatev"]
[Result "1-0"]
[WhiteTitle "GM"]
[BlackTitle "WGM"]
[WhiteElo "2431"]
[BlackElo "2358"]
[WhiteFideId "4167570"]
[BlackFideId "13301918"]
[EventDate "2020.06.24"]
[EventType "k.o. blitz"]

1. d4 Nf6 2. c4 e6 3. Nf3 d5 4. Nc3 dxc4 5. e4 b5 6. e5 Nd5 7. Nxb5 Nb6 8. Nc3
Bb7 9. Be2 Be7 10. O-O Nc6 11. Be3 Qd7 12. a3 Na5 13. Nd2 O-O-O 14. Qc2 Nc6 15.
Rfd1 Nxd4 16. Bxd4 Qxd4 17. Nxc4 Qc5 18. b4 Qc6 19. Nxb6+ Qxb6 20. Bf1 Rxd1 21.
Rxd1 Rd8 22. Rxd8+ Bxd8 23. Qxh7 Qd4 24. Nb5 Qxe5 25. Qg8 Qf6 26. Qe8 a6 27.
Na7+ Kb8 28. Nc6+ Bxc6 29. Qxc6 e5 30. Qd7 Qe7 31. Qd5 f6 32. Bxa6 c6 33. Qxc6
Qc7 34. Qe8 Ka7 35. Bf1 Qd6 36. Qa4+ Kb8 37. Qe8 Ka7 38. Qf7+ Kb8 39. Qxg7 Bb6
40. Qg8+ Ka7 41. Qg3 f5 42. Qg7+ Kb8 43. Qg8+ Ka7 44. Qf7+ 1-0

[Event "Women's Speed Chess GP1"]
[Site "chess.com INT"]
[Date "2020.06.24"]
[Round "1.4"]
[White "Abrahamyan, Tatev"]
[Black "Gunina, Valentina"]
[Result "0-1"]
[WhiteTitle "WGM"]
[BlackTitle "GM"]
[WhiteElo "2358"]
[BlackElo "2431"]
[WhiteFideId "13301918"]
[BlackFideId "4167570"]
[EventDate "2020.06.24"]
[EventType "k.o. blitz"]

1. e4 c6 2. d4 d5 3. Nc3 dxe4 4. Nxe4 Bf5 5. Ng3 Bg6 6. h4 h6 7. Nf3 Nd7 8. h5
Bh7 9. Bd3 Bxd3 10. Qxd3 e6 11. Bd2 Ngf6 12. O-O-O Bd6 13. Ne4 Nxe4 14. Qxe4 Nf6
15. Qe2 Bc7 16. c4 b5 17. Kb1 bxc4 18. Qxc4 O-O 19. Ne5 Bxe5 20. dxe5 Qd5 21.
Qxd5 Nxd5 22. Rc1 Rfc8 23. Rc4 Rab8 24. g4 Rb5 25. g5 hxg5 26. Bxg5 Nb6 27. Rg4
Rxe5 28. Bf6 Rf5 29. Bxg7 Kh7 30. h6 Nd5 31. Bd4 e5 32. Rg7+ Kh8 33. Bc5 Nf4 34.
Rhg1 Ne6 35. Be3 Nxg7 36. hxg7+ Kh7 37. Bxa7 Rf6 38. Be3 Rg6 39. Re1 Kxg7 40.
Bd2 Rd6 41. Bc3 f6 42. a4 Rd5 43. a5 Rb5 44. Kc2 Ra8 45. Rd1 Kg6 46. Rd6 Rc5 47.
b4 Rc4 48. Kd3 Rf4 49. Rxc6 Rxf2 50. Bxe5 Rd8+ 51. Ke3 Rf5 52. Bd4 Re8+ 53. Kd3
Rd8 54. Kc3 Rf3+ 55. Kc4 Rf4 56. Rxf6+ Rxf6 57. Bxf6 Kxf6 58. a6 Ke6 59. Kc5 Kd7 0-1

[Event "Women's Speed Chess GP1"]
[Site "chess.com INT"]
[Date "2020.06.24"]
[Round "1.5"]
[White "Gunina, Valentina"]
[Black "Abrahamyan, Tatev"]
[Result "1-0"]
[WhiteTitle "GM"]
[BlackTitle "WGM"]
[WhiteElo "2431"]
[BlackElo "2358"]
[WhiteFideId "4167570"]
[BlackFideId "13301918"]
[EventDate "2020.06.24"]
[EventType "k.o. blitz"]

1. e4 e6 2. d4 d5 3. exd5 exd5 4. Nf3 Bd6 5. c4 dxc4 6. Bxc4 Nf6 7. h3 O-O 8.
O-O c6 9. Bg5 Nbd7 10. Nc3 h6 11. Bh4 Nb6 12. Bb3 Bf5 13. Qd2 Re8 14. Rae1 Be7
15. Qf4 Bg6 16. Ne5 Nfd5 17. Nxd5 Nxd5 18. Bxd5 cxd5 19. Nxg6 fxg6 20. Bxe7 Rxe7
21. Re5 Rf7 22. Qg4 g5 23. Qe6 Qd7 24. Qxd5 Qc7 25. Rfe1 Rd8 26. Re8+ Rxe8 27.
Rxe8+ Kh7 28. Qe4+ g6 29. Qe1 Qf4 30. d5 h5 31. Re7 Kg7 32. Qc3+ Kh7 33. Rxf7+
Qxf7 34. d6 Qd5 35. Qc7+ Kh6 36. d7 1-0

[Event "Women's Speed Chess GP1"]
[Site "chess.com INT"]
[Date "2020.06.24"]
[Round "1.6"]
[White "Abrahamyan, Tatev"]
[Black "Gunina, Valentina"]
[Result "0-1"]
[WhiteTitle "WGM"]
[BlackTitle "GM"]
[WhiteElo "2358"]
[BlackElo "2431"]
[WhiteFideId "13301918"]
[BlackFideId "4167570"]
[EventDate "2020.06.24"]
[EventType "k.o. blitz"]

1. e4 c6 2. d4 d5 3. Nc3 dxe4 4. Nxe4 Bf5 5. Ng3 Bg6 6. h4 h6 7. Nf3 Nd7 8. h5
Bh7 9. Bd3 Bxd3 10. Qxd3 e6 11. Bd2 Ngf6 12. O-O-O Bd6 13. Ne4 Nxe4 14. Qxe4 Nf6
15. Qe2 Bc7 16. c4 b5 17. Kb1 bxc4 18. Qxc4 O-O 19. Ne5 Nd5 20. Nxc6 Qf6 21. Qe2
Rfc8 22. Rh3 Bf4 23. Ne5 Rab8 24. Rf3 Qf5+ 25. Nd3 Bxd2 26. Qxd2 Qe4 27. Rc1
Rxc1+ 28. Qxc1 Qxd4 29. Qc5 Rxb2+ 30. Kc1 Qxc5+ 31. Nxc5 Rxa2 32. Nd3 Nf6 33.
Rh3 Ra5 34. Nf4 Rf5 35. g3 e5 36. Nd3 Ng4 0-1

[Event "Women's Speed Chess GP1"]
[Site "chess.com INT"]
[Date "2020.06.24"]
[Round "1.7"]
[White "Gunina, Valentina"]
[Black "Abrahamyan, Tatev"]
[Result "0-1"]
[WhiteTitle "GM"]
[BlackTitle "WGM"]
[WhiteElo "2431"]
[BlackElo "2358"]
[WhiteFideId "4167570"]
[BlackFideId "13301918"]
[EventDate "2020.06.24"]
[EventType "k.o. blitz"]

1. d4 Nf6 2. c4 e6 3. Nf3 d5 4. Nc3 dxc4 5. e3 a6 6. a4 c5 7. Bxc4 Nc6 8. O-O
Be7 9. h3 O-O 10. Qe2 cxd4 11. exd4 Nxd4 12. Nxd4 Qxd4 13. Be3 Qe5 14. Rad1 Bd7
15. f4 Qc7 16. Kh1 Rac8 17. Bd3 Bc6 18. Bd4 Rfd8 19. Be5 Qa5 20. f5 exf5 21.
Rxf5 Qb4 22. Rdf1 Qh4 23. Bf4 Qxh3+ 24. Kg1 Qxd3 25. Qxe7 Re8 26. Qb4 Qxf5 0-1

[Event "Women's Speed Chess GP1"]
[Site "chess.com INT"]
[Date "2020.06.24"]
[Round "1.8"]
[White "Abrahamyan, Tatev"]
[Black "Gunina, Valentina"]
[Result "0-1"]
[WhiteTitle "WGM"]
[BlackTitle "GM"]
[WhiteElo "2358"]
[BlackElo "2431"]
[WhiteFideId "13301918"]
[BlackFideId "4167570"]
[EventDate "2020.06.24"]
[EventType "k.o. blitz"]

1. e4 Nf6 2. e5 Nd5 3. d4 d6 4. Nf3 c6 5. Be2 dxe5 6. Nxe5 Bf5 7. O-O Nd7 8. Nf3
e6 9. c4 N5f6 10. Nc3 Bd6 11. Bg5 h6 12. Bh4 O-O 13. Re1 Qc7 14. Bd3 Bg4 15. h3
Bh5 16. g4 Bg6 17. Bxg6 fxg6 18. Rxe6 g5 19. Rxd6 Qxd6 20. Bg3 Qe6 21. d5 cxd5
22. cxd5 Qf7 23. Kg2 Nb6 24. Ne5 Qe8 25. d6 Qe6 26. Qd4 Rad8 27. Rd1 Rfe8 28. a4
Nbd7 29. Nf3 a6 30. b4 Rc8 31. b5 Rc4 32. Qd3 Rec8 33. Ne2 axb5 34. axb5 Nc5 35.
Qd2 Nfe4 36. Qe3 Nxg3 37. Qxe6+ Nxe6 38. Nxg3 Nf4+ 39. Kh2 Rc2 40. Ne4 Re2 41.
d7 Rd8 42. Rd4 Ne6 43. Rc4 Rxd7 44. Ne5 Rd4 45. Rc8+ Rd8 46. Rc4 Nd4 0-1

[Event "Women's Speed Chess GP1"]
[Site "chess.com INT"]
[Date "2020.06.24"]
[Round "1.9"]
[White "Gunina, Valentina"]
[Black "Abrahamyan, Tatev"]
[Result "1/2-1/2"]
[WhiteTitle "GM"]
[BlackTitle "WGM"]
[WhiteElo "2431"]
[BlackElo "2358"]
[WhiteFideId "4167570"]
[BlackFideId "13301918"]
[EventDate "2020.06.24"]
[EventType "k.o. blitz"]

1. d4 e6 2. c4 Nf6 3. Nf3 d5 4. g3 dxc4 5. Bg2 a6 6. O-O Nc6 7. Bg5 Be7 8. e3
Rb8 9. Qe2 b5 10. Nc3 O-O 11. Rfd1 Nb4 12. a3 Nbd5 13. e4 Nxc3 14. bxc3 Bb7 15.
Bxf6 Bxf6 16. e5 Be7 17. Nd2 Bxg2 18. Kxg2 Qd5+ 19. Ne4 Rfd8 20. Qf3 a5 21. h4
b4 22. axb4 axb4 23. cxb4 Rxb4 24. Ra7 Rb3 25. Qf4 Rd7 26. Kh2 h6 27. h5 Rd3 28.
Rda1 Rxd4 29. Ra8+ Kh7 30. Qxf7 Rd8 31. Rxd8 Bxd8 32. Nf6+ Bxf6 33. exf6 Qg5 34.
Ra8 Rh4+ 35. gxh4 Qxh4+ 36. Kg2 Qg4+ 37. Kh2 Qh4+ 38. Kg2 Qg4+ 39. Kh2 Qh4+ 1/2-1/2